000 00932nam a2200277Ia 4500
001 Para_10204
003 CHAP
008 220125sJuni xx 000 0 und d
010 _a208888
040 _cCHAP
090 _aPA CD - TESIS 256
100 _aPérez Ibarra, Sergio
_9126558
245 _aCatálogo de plagas reguladas en México /
_c Sergio Pérez Ibarra. Director Luis Emilio Castillo Márquez
260 _aChapingo, Méx. :
_b el autor
300 _a1 CDS ROM (10 p.)
502 _aTesis (Ing. Agr. Esp. en Parasitología Agrícola). UACh. Departamento Parasitología Agrícola
700 _aCastillo Márquez, Luis Emilio. Director
_9175204
710 _aUACh. Departamento Parasitología Agrícola
_9164025
901 _aPA CD - TESIS 256
902 _aM
905 _a513220Junio, 2013 8100000000 06
910 _aJuni
942 _cPARA
942 _cPARA
_d2
999 _c208888
_d208888